Creating worksheets (Record no. 2900)

000 -LEADER
fixed length control field nam a22 a 4500
005 - DATE AND TIME OF LATEST TRANSACTION
control field 20170518151045.0
008 - FIXED-LENGTH DATA ELEMENTS--GENERAL INFORMATION
fixed length control field 170518b200 -uk||||| |||| 00| 0 eng d
020 ## - INTERNATIONAL STANDARD BOOK NUMBER
International Standard Book Number 0751309923 (pbk.) :
Terms of availability £4.99
040 ## - CATALOGING SOURCE
Original cataloging agency AKMAL
082 04 - DEWEY DECIMAL CLASSIFICATION NUMBER
Classification number 652.39 DIN
090 ## - LOCALLY ASSIGNED LC-TYPE CALL NUMBER (OCLC); LOCAL CALL NUMBER (RLIN)
Classification number (OCLC) (R) ; Classification number, CALL (RLIN) (NR) 652.39
Local cutter number (OCLC) ; Book number/undivided call number, CALL (RLIN) DIN
100 ## - MAIN ENTRY--PERSONAL NAME
Personal name Dinwiddie, Robert,
Dates associated with a name 1953-
9 (RLIN) 6087
245 10 - TITLE STATEMENT
Title Creating worksheets
Statement of responsibility, etc. Robert Dinwiddie.
260 ## - PUBLICATION, DISTRIBUTION, ETC.
Place of publication, distribution, etc. London :
Name of publisher, distributor, etc. Dorling Kindersley
Date of publication, distribution, etc. 2000.
300 ## - PHYSICAL DESCRIPTION
Extent 72 p. :
Other physical details ill. ;
Dimensions 18cm
490 1# - SERIES STATEMENT
Series statement Essential computers. spreadsheets
500 ## - GENERAL NOTE
General note Includes index.
599 ## - LOCAL NOTE
Local Note DALAM PROSES
630 04 - SUBJECT ADDED ENTRY--UNIFORM TITLE
Uniform title Microsoft Excel (Computer file)
9 (RLIN) 6088
650 #0 - SUBJECT ADDED ENTRY--TOPICAL TERM
Topical term or geographic name entry element Electronic spreadsheets
9 (RLIN) 6089
830 0# - SERIES ADDED ENTRY--UNIFORM TITLE
Uniform title Electronic spreadsheets.
9 (RLIN) 6089
852 41 - LOCATION
Location British Library
Sublocation or collection HMNTS
942 ## - ADDED ENTRY ELEMENTS (KOHA)
Source of classification or shelving scheme
Koha item type Book
Holdings
Withdrawn status Lost status Source of classification or shelving scheme Damaged status Not for loan Collection code Home library Current library Shelving location Date acquired Inventory number Total Checkouts Full call number Barcode Date last seen Price effective from Koha item type
          NON-FICTION AKMAL Melaka AKMAL Melaka PINJAMAN 18.05.2017 602061   652.39 DIN 201703320 18.05.2017 18.05.2017 Book
Pusat Sumber Maklumat Dato' Haji Sarmin Md Hussin, Akademi Kastam Diraja Malaysia, Melaka
Tel: 06-2331106 | Faks: 06-2313787